000 01249nam a2200325 i 4500
003 EG-GICUC
005 20260408215242.0
008 260408s2000 ua ||||fr||| 00| 00|ara|d
040 _a EG-GICUC
_bara
_c EG-GICUC
_d EG-GICUC
_erda
041 _aara
082 0 4 _221
_a343.6
_bع ب . ع
092 0 4 _221
099 _aLaw1 10 343.6 ع ب . ع 2000
100 0 _aعبد الرحيم صدقي
_eمؤلف.
245 1 0 _aعلم الاجرام :
_bدراسة تأصيلية علمية /
_cتأليف دكتور عبد الرحيم صدقي.
250 _b(طبعة مزيدة ومنقحة)
264 1 _a[مكان النشر غير محدد] :
_b[الناشر غير محدد],
_c2000.
300 _a275 صفحة ;
_c24 سم.
_bإيضاحيات، صور، مثيليات ؛
336 _2rda content
_atext
337 _2rda media
_aComputer
338 _2rda carrier
_aOnline Resource
504 _aيشتمل على إرجاعات ببليوجرافية.
546 _aالنص باللغة العربية
650 1 4 _aالقانون الجنائي
_2qrmak
650 1 4 _aعلم الإجرام
_2qrmak
651 1 _2qrmak
856 4 0 _uhttps://fll.law.cu.edu.eg/fulltext/bks/B10-09098.pdf
905 _a43
942 _2ddc
_cBK
_e21
_n0
999 _c69789
_d69789